000 00530nam a2200181Ia 4500
008 230917s9999||||xx |||||||||||||| ||und||
020 _cRS525
040 _e237418
_aMAIN
041 _aEnglish
082 _a658.4092 R18P(2)
100 _aRao, T V
245 0 _aPower of 360 degree feedback: The India way for leadership effectiveness
250 _a2nd ed.
260 _aNew Delhi
_bSage Publications
_c2014
300 _axix, 256 p.
500 _a2576 19/01/2017 HBD17/6797 25/01/2017 IMSAR (Dev. & Research)
942 _cBK
999 _c21046
_d21046